00409 a2200145 450000100060000004000240000610000200003024000280005024500230007830000070010165000260010894200070013495201050014199900170024647938 cAnchieta - Aquarius aCaeiro, Alberto10aPoemas Inconjuntoslpor10aPoemas Inconjuntos a16 4aLiteratura brasileira cBK 00104070a87.1b87.1d2023-11-21l0o869.93 CAE POEp7045/AQUr2023-11-21 15:14:52w2023-11-21yBK c47938d47938